Who is a Brawl Stars esports player (Part 2)? - Sudden Death - Statistics

General Stats
  • This quiz has been taken 50 times
  • The average score is 11 of 15
Answers on the Grid
Answers color-coded by a green-red scale on the quiz's grid according to % correct below.
Cube
Diegogamer
Chronicle
Tyrant
Kristian
Knight
Firecrow
Relyh
Ruler
TheShy
Sergeant
Rookie
Deft
Meteor
Naipishu
Subeme
Caedrel
Response
Shushei
GuilleVGX
Sizuku
Enzo
Whiteout
Doublelift
Battoman
Shroud
RHZ
Ambition
Cryingman
Silver
 
Answer Stats
Answer % Correct
Diegogamer
87%
GuilleVGX
87%
Tyrant
87%
Cube
84%
Firecrow
81%
Naipishu
81%
Subeme
81%
Battoman
74%
RHZ
74%
Cryingman
68%
Relyh
68%
Response
68%
Sergeant
68%
Sizuku
68%
Kristian
65%
No matching quizzes found
Score Distribution
Percent of People with Each Score
Percentile by Number Answered
Your Score History
You have not taken this quiz